| 000 | 00621cam a2200217 4500 | ||
|---|---|---|---|
| 001 | B2416 | ||
| 008 | 090401t1989 xxu||||| |||| 00| 0 eng d | ||
| 035 | _a(Sirsi) u49914 | ||
| 041 | _aeng | ||
| 050 | _a690.24 | ||
| 110 |
_aBuilding Maintenance Information Ltd _92307 |
||
| 245 | _aMaintenance cost trends (wall chart) 1989 | ||
| 260 |
_aKingston upon Thames _bBuilding Maintenance Information Ltd _c1989 |
||
| 300 | _a1 wall chart : col. ; 60x42cm. | ||
| 350 | _a5 | ||
| 650 | _aBUILT ENVIRONMENT-BUILDING COSTS | ||
| 650 |
_aRefurbishment _96264 |
||
| 650 | _aWALL CHARTS | ||
| 942 | _n0 | ||
| 948 | _c04/03/1997 | ||
| 999 |
_c92618 _d92618 |
||